| 000 | 00532nam a2200121 a 4500 | ||
|---|---|---|---|
| 008 | 120416s2002 ||||||||||||||||| || u | ||
| 050 | _aTHESIS | ||
| 100 | _aMtonga, Isaac Zgamini | ||
| 245 | 1 | 0 | _aParticipative management:bridging the gap between head office and the construction site |
| 260 |
_aKitwe _bCopperbelt University, School of Built Environment, Department Building _c2002 |
||
| 350 | _a0.00 | ||
| 995 |
_D0.00 _FCBU-MAIN LIBRARY (Kitwe) _H1 _I0.00 _UAVAILABLE _ZUniversity Collection |
||
| 999 |
_c53133 _d53133 |
||